[Event "Florianopolis op 3rd"]
[Site "Florianopolis"]
[Date "2017.01.26"]
[Round "10"]
[White "Umetsubo, Cesar Hidemitsu"]
[Black "Maia, Luciano Malta"]
[Result "1/2-1/2"]
[WhiteElo "2407"]
[BlackElo "2307"]
[PlyCount "63"]
[EventDate "2017.01.20"]
[EventType "swiss"]
[EventRounds "10"]
[EventCountry "BRA"]
[SourceTitle "CBM 176 Extra"]
[Source "ChessBase"]
[SourceDate "2017.03.02"]
[SourceVersion "1"]
[SourceVersionDate "2017.03.02"]
[SourceQuality "1"]

1. d4 Nf6 2. Bf4 e6 3. e3 c5 4. c3 b6 5. Nf3 Be7 6. h3 0-0 7. Bd3 cxd4 8. cxd4 Bb7 9. Nc3 d6 10. 0-0 Nbd7 11. Qe2 a6 12. a4 Qb8 13. Rac1 Qa7 14. Bb1 Rac8 15. Qd3 Rfd8 16. Ng5 Nf8 17. Nge4 Nxe4 18. Nxe4 Qa8 19. Rxc8 Qxc8 20. Nc3 Qd7 21. e4 Rc8 22. Qe2 b5 23. axb5 axb5 24. Nxb5 Ba6 25. Bd3 Rb8 26. Na3 Bxd3 27. Qxd3 Rxb2 28. Nc4 Rb4 29. Bd2 Rb8 30. Rc1 Qb5 31. Qg3 Rc8 32. Na3 1/2-1/2

[Event "Florianopolis op 3rd"]
[Site "Florianopolis"]
[Date "2017.01.25"]
[Round "8"]
[White "Cubas, Jose Fernando"]
[Black "Maia, Luciano Malta"]
[Result "1-0"]
[WhiteElo "2469"]
[BlackElo "2307"]
[PlyCount "183"]
[EventDate "2017.01.20"]
[EventType "swiss"]
[EventRounds "10"]
[EventCountry "BRA"]
[SourceTitle "CBM 176 Extra"]
[Source "ChessBase"]
[SourceDate "2017.03.02"]
[SourceVersion "1"]
[SourceVersionDate "2017.03.02"]
[SourceQuality "1"]

1. e4 c5 2. Nf3 e6 3. d4 cxd4 4. Nxd4 Nf6 5. Nc3 Nc6 6. Ndb5 Bb4 7. a3 Bxc3+ 8. Nxc3 d5 9. exd5 Nxd5 10. Bd2 0-0 11. Bd3 e5 12. 0-0 Be6 13. Ne4 Qe7 14. b4 Rfd8 15. Re1 f6 16. Qb1 g6 17. b5 Nd4 18. c3 Nf5 19. c4 Nb6 20. c5 Nd5 21. Bc4 Kg7 22. Qa2 Nc7 23. Ba5 Bxc4 24. Qxc4 Rd4 25. Qf1 Nd5 26. Rad1 Qd7 27. Nd6 Nxd6 28. Rxd4 exd4 29. cxd6 Qxd6 30. Qc4 b6 31. Bd2 Qc5 32. Qd3 Rd8 33. Rc1 Qe7 34. Qxd4 Qxa3 35. h4 Qd6 36. Rc6 Qe7 37. g3 Qe5 38. Qxe5 fxe5 39. Re6 Nf4 40. gxf4 Rxd2 41. fxe5 Kf7 42. Rf6+ Ke7 43. h5 gxh5 44. f4 Rb2 45. Rh6 Rb4 46. Rxh7+ Ke6 47. Rh6+ Ke7 48. f5 Rxb5 49. f6+ Ke6 50. Rxh5 a5 51. Rf5 Kxf5 52. f7 Kxe5 53. f8Q Rb4 54. Qd8 Ke6 55. Kf2 Ke5 56. Qd7 Ke4 57. Qd6 Kf5 58. Ke3 Re4+ 59. Kd2 Rb4 60. Kd3 Kg5 61. Qe6 Kf4 62. Qf6+ Kg4 63. Ke2 Re4+ 64. Kd2 Rb4 65. Ke3 Rb3+ 66. Kf2 Rb4 67. Kg2 Kh5 68. Qe6 Kg5 69. Kg3 Kh5 70. Qg8 Kh6 71. Kf3 Kh5 72. Qg1 Rb3+ 73. Ke4 Rb4+ 74. Kd3 Kh4 75. Qg6 Rb3+ 76. Ke2 Rb4 77. Ke3 Kh3 78. Qg5 Kh2 79. Ke2 Kh3 80. Ke1 Kh2 81. Qe3 Kg2 82. Ke2 Rc4 83. Kd1 Rb4 84. Qd3 Kf2 85. Kd2 Rb2+ 86. Kc3 Rb4 87. Qd6 Rh4 88. Qd2+ Kf3 89. Qd5+ Kf2 90. Qd3 Kg2 91. Qe3 Rb4 92. Kd2 1-0

[Event "Florianopolis op 3rd"]
[Site "Florianopolis"]
[Date "2017.01.23"]
[Round "6"]
[White "Cordioli, Jairo Ribeiro"]
[Black "Maia, Luciano Malta"]
[Result "0-1"]
[WhiteElo "1895"]
[BlackElo "2307"]
[PlyCount "182"]
[EventDate "2017.01.20"]
[EventType "swiss"]
[EventRounds "10"]
[EventCountry "BRA"]
[SourceTitle "CBM 176 Extra"]
[Source "ChessBase"]
[SourceDate "2017.03.02"]
[SourceVersion "1"]
[SourceVersionDate "2017.03.02"]
[SourceQuality "1"]

1. d4 Nf6 2. Nf3 e6 3. c4 b6 4. g3 Bb7 5. Bg2 c5 6. e3 cxd4 7. exd4 Bb4+ 8. Bd2 Be7 9. Nc3 d5 10. cxd5 Nxd5 11. Nxd5 Bxd5 12. 0-0 Nc6 13. Bc3 0-0 14. Ne5 Rc8 15. Qd2 Bxg2 16. Kxg2 Qd5+ 17. Kg1 Rfd8 18. Nxc6 Rxc6 19. Qe3 Bf6 20. Rfd1 h6 21. h4 Qd7 22. Rd2 Rd6 23. Rad1 Rd5 24. Kg2 Qc6 25. Qe4 Qc4 26. Qb1 R5d7 27. a3 Bxd4 28. Rxd4 Rxd4 29. Rxd4 Rxd4 30. Bxd4 Qxd4 31. Qc2 g6 32. Kf3 Kg7 33. b4 h5 34. Kg2 a5 35. bxa5 bxa5 36. a4 e5 37. Kf3 Qb4 38. Qc6 Qg4+ 39. Kg2 Qd4 40. Kf3 Qd3+ 41. Kg2 e4 42. Qc5 Qf3+ 43. Kg1 Qf5 44. Qd4+ Kh7 45. Kg2 Qf3+ 46. Kh2 Qd3 47. Qc5 Qf3 48. Qd4 Qe2 49. Kg2 Qg4 50. Kf1 Qf3 51. Ke1 Qf5 52. Ke2 Qg4+ 53. Ke3 Qf3+ 54. Kd2 Kg8 55. Ke1 Kh7 56. Qc5 Qf5 57. Qd4 Qe6 58. Kd2 Qe7 59. Ke1 Qb7 60. Kf1 Qa6+ 61. Ke1 Qc6 62. Kd2 Qb7 63. Ke3 f5 64. Kf4 Qc7+ 65. Ke3 Kg8 66. Qf6 Kh7 67. Qd4 Qc1+ 68. Ke2 Qc7 69. Ke3 Qe7 70. Ke2 Qg7 71. Qc4 Qd7 72. Qb5 Qc7 73. Qd5 Kg7 74. Kd2 Kf6 75. Qg8 Qd7+ 76. Ke2 Qxa4 77. Qh8+ Kf7 78. Qh7+ Kf6 79. Qh8+ Ke6 80. Qg8+ Ke5 81. Qg7+ Kd5 82. Qxg6 Qc2+ 83. Ke1 Qc1+ 84. Ke2 Qc4+ 85. Ke1 Qb4+ 86. Kd1 Qd4+ 87. Ke1 a4 88. Qxf5+ Kc4 89. Qxh5 a3 90. Qe2+ Kc3 91. Kf1 Qc4 0-1

[Event "Florianopolis op 3rd"]
[Site "Florianopolis"]
[Date "2017.01.21"]
[Round "3"]
[White "Maia, Luciano Malta"]
[Black "El Debs, Felipe de Cresce"]
[Result "1/2-1/2"]
[WhiteElo "2307"]
[BlackElo "2523"]
[PlyCount "57"]
[EventDate "2017.01.20"]
[EventType "swiss"]
[EventRounds "10"]
[EventCountry "BRA"]
[SourceTitle "EXT 2018"]
[Source "ChessBase"]
[SourceDate "2017.10.13"]
[SourceVersion "1"]
[SourceVersionDate "2017.10.13"]
[SourceQuality "1"]

1. c4 c5 2. Nc3 g6 3. g3 Bg7 4. Bg2 Nc6 5. a3 d6 6. Rb1 Nh6 7. d3 Nf5 8. e3 Qd7 9. Nge2 b6 10. 0-0 Bb7 11. b3 0-0 12. Bb2 Nd8 13. d4 Bxg2 14. Kxg2 Ne6 15. d5 Ng5 16. Ng1 h5 17. Qd3 e5 18. dxe6 fxe6 19. h4 Qc6+ 20. f3 Nf7 21. Rbe1 Rad8 22. e4 Ne5 23. Qd1 Nd4 24. Ba1 Rd7 25. Nce2 d5 26. Nxd4 cxd4 27. cxd5 exd5 28. exd5 Qxd5 29. Kh2 1/2-1/2

[Event "Paulista-chTB"]
[Site "Sao Paulo"]
[Date "2015.03.07"]
[Round "5.2"]
[White "Maia, Luciano Malta"]
[Black "Languidey, Simon Alejandro"]
[Result "0-1"]
[WhiteElo "2390"]
[BlackElo "2329"]
[PlyCount "96"]
[EventDate "2015.02.28"]
[EventType "team-tourn"]
[EventRounds "7"]
[EventCountry "BRA"]
[SourceTitle "EXT 2017"]
[Source "ChessBase"]
[SourceDate "2016.10.25"]
[SourceVersion "1"]
[SourceVersionDate "2016.10.25"]
[SourceQuality "1"]
[WhiteTeam "Circulo Militar"]
[BlackTeam "Pinheiros II"]
[WhiteTeamCountry "BRA"]
[BlackTeamCountry "BRA"]

1. Nf3 Nf6 2. c4 c6 3. d4 d5 4. e3 g6 5. Nc3 Bg7 6. Be2 0-0 7. 0-0 Nbd7 8. cxd5 cxd5 9. Qb3 e6 10. Bd2 Ne4 11. Rfc1 Nxd2 12. Nxd2 Nb8 13. Rc2 Nc6 14. Rac1 e5 15. Nxd5 exd4 16. e4 Kh8 17. Bd3 f5 18. exf5 Bxf5 19. Bxf5 Rxf5 20. Qxb7 Rb8 21. Qxc6 Rxd5 22. b3 d3 23. Rc5 Rd6 24. Qe4 Qf8 25. Qf3 Bh6 26. Qxf8+ Rxf8 27. Rc8 Rxc8 28. Rxc8+ Kg7 29. Rc7+ Kg8 30. Rc8+ Kf7 31. Rc7+ Ke6 32. Nc4 d2 33. Nxd2 Rxd2 34. Kf1 Rxa2 35. Rxh7 Bf8 36. Rc7 a5 37. Rc6+ Bd6 38. h4 Kd5 39. Ra6 Bc5 40. Rxg6 Rxf2+ 41. Ke1 Rb2 42. h5 Rxb3 43. h6 a4 44. h7 Rb1+ 45. Kd2 Rh1 46. Rg7 a3 47. Kc2 a2 48. Rg5+ Kc4 0-1

[Event "Sao Paulo op 04"]
[Site "Sao Paulo"]
[Date "2014.04.??"]
[Round "4"]
[White "Disconzi da Silva, Rodrigo"]
[Black "Maia, Luciano Malta"]
[Result "0-1"]
[WhiteElo "2364"]
[BlackElo "2307"]
[PlyCount "136"]
[EventDate "2014.04.??"]
[EventType "team-match"]
[EventRounds "7"]
[EventCountry "BRA"]
[SourceTitle "EXT 2015"]
[Source "ChessBase"]
[SourceDate "2014.11.20"]
[SourceVersion "1"]
[SourceVersionDate "2014.11.20"]
[SourceQuality "1"]

1. d4 Nf6 2. c4 e6 3. Nc3 Bb4 4. Nf3 c5 5. g3 cxd4 6. Nxd4 Ne4 7. Bd2 Bxc3 8. bxc3 Nxd2 9. Qxd2 a6 10. c5 d6 11. Nb3 dxc5 12. Qxd8+ Kxd8 13. Nxc5 b6 14. Bg2 Ra7 15. Ne4 Ke7 16. Rb1 Nd7 17. 0-0 Bb7 18. c4 Bxe4 19. Bxe4 Rc7 20. Bd3 Rc6 21. f4 Nc5 22. Kf2 Rd6 23. Ke3 Rhd8 24. Rfd1 R8d7 25. Rbc1 Kd8 26. Rc3 Kc7 27. Rf1 Rd8 28. Ra3 g6 29. g4 f5 30. g5 e5 31. fxe5 Re8 32. h4 Rxe5+ 33. Kf4 Re7 34. Kg3 Rd4 35. Rf3 a5 36. Rc3 Red7 37. Rf4 Rxf4 38. Kxf4 Rd4+ 39. Kg3 Rg4+ 40. Kh3 Ne6 41. e3 Nc5 42. Be2 Rg1 43. Bf3 Kd6 44. Rc2 Re1 45. Rc3 Ke5 46. Kg3 Rg1+ 47. Kf2 Rb1 48. Rc2 a4 49. Kg3 Ne4+ 50. Kh3 Re1 51. Be2 a3 52. Kg2 Rb1 53. Kf3 Rh1 54. Kg2 Rxh4 55. Rc1 Nxg5 56. Rb1 Re4 57. Rb5+ Kd6 58. Rxb6+ Kc7 59. Rb3 f4 60. Rxa3 Rxe3 61. Rxe3 fxe3 62. Kg3 Ne4+ 63. Kf3 Nc3 64. a3 Kb6 65. Kxe3 Nxe2 66. Kxe2 Kc5 67. Kd3 h5 68. a4 h4 0-1

[Event "Paulista-chT Interclubes"]
[Site "Sao Paulo"]
[Date "2013.02.??"]
[Round "6"]
[White "Bispo, Leonardo"]
[Black "Maia, Luciano Malta"]
[Result "1/2-1/2"]
[WhiteElo "2231"]
[BlackElo "2296"]
[PlyCount "144"]
[EventDate "2013.02.25"]
[EventType "team-tourn"]
[EventRounds "7"]
[EventCountry "BRA"]
[SourceTitle "EXT 2022"]
[Source "ChessBase"]
[SourceDate "2021.10.06"]
[SourceVersion "1"]
[SourceVersionDate "2021.10.06"]
[SourceQuality "1"]
[WhiteTeam "Santos CX"]
[BlackTeam "Circulo Militar"]
[WhiteTeamCountry "BRA"]
[BlackTeamCountry "BRA"]

1. d4 Nf6 2. c4 c5 3. Nf3 cxd4 4. Nxd4 e5 5. Nc2 d5 6. cxd5 Qxd5 7. Qxd5 Nxd5 8. e4 Nb4 9. Bb5+ Bd7 10. Bxd7+ Nxd7 11. Nxb4 Bxb4+ 12. Bd2 Bxd2+ 13. Kxd2 Nc5 14. Nc3 f6 15. Nd5 Kf7 16. Rhc1 Nxe4+ 17. Ke3 Nd6 18. Rc7+ Ke6 19. Rd1 Nf5+ 20. Ke4 Rac8 21. g4 Nd6+ 22. Kf3 Rxc7 23. Nxc7+ Ke7 24. Nd5+ Ke6 25. Nc7+ Ke7 26. Nd5+ Kd7 27. Ne3 Ke6 28. Nf5 Nxf5 29. gxf5+ Ke7 30. Rg1 Rg8 31. Ke4 g6 32. Ke3 Rg7 33. f4 Kf7 34. fxg6+ hxg6 35. fxe5 fxe5 36. Rf1+ Ke6 37. Rg1 g5 38. h4 Kf5 39. Rf1+ Ke6 40. Rg1 g4 41. Ke4 g3 42. Kf3 Kf5 43. Rxg3 e4+ 44. Kf2 Rc7 45. Ke3 Rc2 46. Rg5+ Ke6 47. Rb5 b6 48. h5 Rh2 49. Kxe4 Rh4+ 50. Kf3 Kf6 51. Kg3 Rh1 52. a4 Ra1 53. b3 Rh1 54. b4 Ra1 55. a5 bxa5 56. bxa5 Ra4 57. Kf3 Rh4 58. Ke3 Ra4 59. Kd3 Rh4 60. Rc5 Ke6 61. Rc6+ Kd5 62. Rh6 Rh3+ 63. Ke2 Ke4 64. Kd2 Kf4 65. Kc2 Ra3 66. Ra6 Rh3 67. Rxa7 Rxh5 68. Kb3 Ke5 69. Ra6 Kd5 70. Rb6 Kc5 71. Rb4 Rh1 72. Ra4 Kb5 1/2-1/2

[Event "Paulista-chT Interclubes"]
[Site "Sao Paulo"]
[Date "2013.02.??"]
[Round "3"]
[White "Flores, Diego"]
[Black "Maia, Luciano Malta"]
[Result "1/2-1/2"]
[WhiteElo "2600"]
[BlackElo "2296"]
[PlyCount "60"]
[EventDate "2013.02.25"]
[EventType "team-tourn"]
[EventRounds "7"]
[EventCountry "BRA"]
[SourceTitle "EXT 2022"]
[Source "ChessBase"]
[SourceDate "2021.10.06"]
[SourceVersion "1"]
[SourceVersionDate "2021.10.06"]
[SourceQuality "1"]
[WhiteTeam "Pinheiros EC"]
[BlackTeam "Circulo Militar"]
[WhiteTeamCountry "BRA"]
[BlackTeamCountry "BRA"]

1. c4 Nf6 2. Nc3 c5 3. g3 e6 4. Nf3 b6 5. Bg2 Bb7 6. 0-0 Be7 7. d4 cxd4 8. Qxd4 d6 9. Bg5 a6 10. Bxf6 Bxf6 11. Qd3 Be7 12. Nd4 Bxg2 13. Kxg2 0-0 14. f4 Qc8 15. Qf3 Ra7 16. b3 Rc7 17. f5 Nc6 18. Nxc6 Rxc6 19. Ne4 d5 20. cxd5 exd5 21. Nf2 Rc2 22. Rad1 Rxa2 23. Rxd5 Qc2 24. e4 Bc5 25. f6 Re8 26. e5 Qe2 27. Qf4 Be3 28. Qf3 Bc5 29. Qf4 Be3 30. Qf3 Bc5 1/2-1/2

[Event "Sao Paolo Hebraica 07th"]
[Site "Sao Paolo"]
[Date "2013.01.12"]
[Round "8"]
[White "Maia, Luciano Malta"]
[Black "Feliciano Ebert, Vanessa"]
[Result "1-0"]
[WhiteElo "2269"]
[BlackElo "2235"]
[PlyCount "47"]
[EventDate "2013.01.05"]
[EventType "tourn"]
[EventRounds "9"]
[EventCountry "BRA"]
[EventCategory "2"]
[SourceTitle "CBM 152 Extra"]
[Source "ChessBase"]
[SourceDate "2013.02.25"]
[SourceVersion "1"]
[SourceVersionDate "2013.02.25"]
[SourceQuality "1"]

1. b3 e5 2. Bb2 Nc6 3. e3 d5 4. Bb5 Bd6 5. Nf3 f6 6. c4 a6 7. Bxc6+ bxc6 8. Qc2 Be6 9. 0-0 Qd7 10. d3 Nh6 11. Nc3 0-0 12. Rac1 Bg4 13. Nd2 Nf5 14. cxd5 Nh4 15. dxc6 Qf5 16. f3 Bh3 17. gxh3 Qg5+ 18. Kf2 Qg2+ 19. Ke1 Qxh2 20. Rf2 Qxh3 21. Nce4 Nf5 22. Ke2 Qh6 23. Nc4 Bb4 24. Rg1 1-0

[Event "Sao Paolo Hebraica 07th"]
[Site "Sao Paolo"]
[Date "2013.01.08"]
[Round "4"]
[White "Maia, Luciano Malta"]
[Black "Villalba, Marcelo"]
[Result "1/2-1/2"]
[WhiteElo "2269"]
[BlackElo "2181"]
[PlyCount "46"]
[EventDate "2013.01.05"]
[EventType "tourn"]
[EventRounds "9"]
[EventCountry "BRA"]
[EventCategory "2"]
[SourceTitle "CBM 152 Extra"]
[Source "ChessBase"]
[SourceDate "2013.02.25"]
[SourceVersion "1"]
[SourceVersionDate "2013.02.25"]
[SourceQuality "1"]

1. Nf3 g6 2. c4 Bg7 3. e4 d6 4. d4 Nf6 5. Nc3 0-0 6. Be2 c5 7. 0-0 Nc6 8. d5 Na5 9. h3 e5 10. a3 b6 11. Bd2 h6 12. Ne1 Nd7 13. b4 Nb7 14. Rc1 f5 15. f4 exf4 16. Rxf4 Ne5 17. exf5 Bxf5 18. g4 Bd7 19. Nf3 Qe7 20. Kg2 cxb4 21. axb4 a5 22. b5 Nc5 23. Qc2 Rxf4 1/2-1/2

[Event "Sao Paulo Polytechnic"]
[Site "Sao Paulo"]
[Date "2012.12.08"]
[Round "6"]
[White "Maia, Luciano Malta"]
[Black "Diaz Hollemaert, Nahuel Carlos"]
[Result "1/2-1/2"]
[WhiteElo "2290"]
[BlackElo "2398"]
[PlyCount "76"]
[EventDate "2012.12.03"]
[EventType "tourn"]
[EventRounds "9"]
[EventCountry "BRA"]
[EventCategory "1"]
[SourceTitle "EXT 2014"]
[Source "ChessBase"]
[SourceDate "2013.11.20"]
[SourceVersion "1"]
[SourceVersionDate "2013.11.20"]
[SourceQuality "1"]

1. d4 g6 2. c4 Bg7 3. e4 d6 4. Nc3 Nd7 5. Nf3 Ngf6 6. Be2 0-0 7. 0-0 c6 8. Re1 a6 9. Bf1 e5 10. Qc2 exd4 11. Nxd4 Ng4 12. Rd1 Qe7 13. Bf4 Nc5 14. Qd2 Ne5 15. f3 Ne6 16. Be3 b5 17. Nxe6 Bxe6 18. cxb5 axb5 19. b3 Rfd8 20. Rac1 Rd7 21. Kh1 Qd8 22. h3 b4 23. Na4 c5 24. Bb5 Rb7 25. Bf1 Rd7 26. f4 Nc6 27. Bb5 Nd4 28. Bxd7 Bxd7 29. Nxc5 dxc5 30. Rxc5 Bxh3 31. gxh3 Qh4 32. Bxd4 Qxh3+ 33. Kg1 Bxd4+ 34. Qxd4 Rxa2 35. Rd2 Qg3+ 36. Kf1 Qf3+ 37. Kg1 Qg3+ 38. Kf1 Qf3+ 1/2-1/2

[Event "Sao Paulo Polytechnic"]
[Site "Sao Paulo"]
[Date "2012.12.06"]
[Round "4"]
[White "Maia, Luciano Malta"]
[Black "Blit, Jacques"]
[Result "0-1"]
[WhiteElo "2290"]
[BlackElo "2301"]
[PlyCount "80"]
[EventDate "2012.12.03"]
[EventType "tourn"]
[EventRounds "9"]
[EventCountry "BRA"]
[EventCategory "1"]
[SourceTitle "EXT 2014"]
[Source "ChessBase"]
[SourceDate "2013.11.20"]
[SourceVersion "1"]
[SourceVersionDate "2013.11.20"]
[SourceQuality "1"]

1. Nf3 c5 2. c4 g6 3. g3 Bg7 4. Bg2 e5 5. Nc3 d6 6. d3 Nc6 7. Nd2 f5 8. Nf1 Nf6 9. Ne3 Ne7 10. Ned5 Nexd5 11. Nxd5 0-0 12. Bg5 Be6 13. Qd2 Rb8 14. a4 Qd7 15. Bxf6 Bxf6 16. b4 Bg7 17. Rb1 f4 18. bxc5 dxc5 19. Qa5 b6 20. Qb5 Qf7 21. 0-0 Bg4 22. Bf3 Bh3 23. Rfe1 fxg3 24. hxg3 g5 25. Nc3 Kh8 26. Ne4 g4 27. Bh1 Rbd8 28. Qb3 Rd4 29. e3 Rxe4 30. Qc2 Rf4 31. exf4 exf4 32. Bd5 Qh5 33. gxf4 g3 34. Re3 gxf2+ 35. Qxf2 Bd4 36. Rbe1 Bf5 37. Qe2 Qxe2 38. R1xe2 Re8 39. Kf2 Bxd3 40. Kf3 Rxe3+ 0-1

[Event "Sao Bernardo do Campo 1st"]
[Site "Sao Bernardo do Campo"]
[Date "2012.07.07"]
[Round "8"]
[White "Maia, Luciano Malta"]
[Black "Abdalla, Luiz Guilherme"]
[Result "1/2-1/2"]
[WhiteElo "2279"]
[BlackElo "2333"]
[PlyCount "41"]
[EventDate "2012.07.03"]
[EventType "tourn"]
[EventRounds "9"]
[EventCountry "BRA"]
[EventCategory "2"]
[SourceTitle "CBM 149 Extra"]
[Source "ChessBase"]
[SourceDate "2012.08.24"]
[SourceVersion "1"]
[SourceVersionDate "2012.08.24"]
[SourceQuality "1"]

1. c4 c5 2. Nf3 Nc6 3. d4 cxd4 4. Nxd4 g6 5. e4 Bg7 6. Nc2 Nf6 7. Nc3 d6 8. Be2 0-0 9. 0-0 Nd7 10. Bd2 Nc5 11. b4 Ne6 12. Rb1 a5 13. a3 axb4 14. axb4 Ned4 15. Nxd4 Nxd4 16. Bd3 Bd7 17. Be3 Ra3 18. Ne2 Nxe2+ 19. Qxe2 Qa8 20. Rfc1 Rc8 21. c5 1/2-1/2

[Event "Sao Bernardo do Campo 1st"]
[Site "Sao Bernardo do Campo"]
[Date "2012.07.03"]
[Round "2"]
[White "Maia, Luciano Malta"]
[Black "Martinez, Ayelen"]
[Result "1-0"]
[WhiteElo "2279"]
[BlackElo "2068"]
[PlyCount "69"]
[EventDate "2012.07.03"]
[EventType "tourn"]
[EventRounds "9"]
[EventCountry "BRA"]
[EventCategory "2"]
[SourceTitle "CBM 149 Extra"]
[Source "ChessBase"]
[SourceDate "2012.08.24"]
[SourceVersion "1"]
[SourceVersionDate "2012.08.24"]
[SourceQuality "1"]

1. d4 Nf6 2. Nf3 g6 3. Bg5 Ne4 4. Bh4 d5 5. e3 c5 6. c3 Qb6 7. Qb3 c4 8. Qc2 Bf5 9. Qc1 Nd7 10. Be2 Bg7 11. 0-0 Ndf6 12. Nbd2 Qc7 13. Nxe4 Nxe4 14. Nd2 0-0 15. Nxe4 dxe4 16. Qc2 e5 17. g4 Be6 18. Qxe4 f5 19. Qg2 f4 20. d5 Bf7 21. exf4 exf4 22. Bf3 Rae8 23. Rad1 Qd6 24. Be4 g5 25. Bxg5 Qe5 26. Bf5 Bg6 27. d6 f3 28. Qg3 Bxf5 29. gxf5 Qxf5 30. d7 Rd8 31. Bxd8 Rxd8 32. Rfe1 Kf7 33. Re3 Bf6 34. Rxf3 Qc2 35. Rd6 1-0

[Event "Sao Paulo Braga op"]
[Site "Sao Paulo"]
[Date "2011.04.24"]
[Round "9"]
[White "Maia, Luciano Malta"]
[Black "De Oliveira, Aquiles Machado"]
[Result "1/2-1/2"]
[WhiteElo "2296"]
[BlackElo "2059"]
[PlyCount "69"]
[EventDate "2011.04.20"]
[EventType "swiss"]
[EventRounds "9"]
[EventCountry "BRA"]
[SourceTitle "EXT 2022"]
[Source "ChessBase"]
[SourceDate "2021.10.06"]
[SourceVersion "1"]
[SourceVersionDate "2021.10.06"]
[SourceQuality "1"]

1. Nf3 Nf6 2. c4 g6 3. Nc3 Bg7 4. e4 d6 5. d4 0-0 6. Be2 e5 7. 0-0 Nbd7 8. Be3 Ng4 9. Bg5 f6 10. Bh4 c6 11. dxe5 dxe5 12. Nd2 Nh6 13. b4 Qe7 14. c5 Rd8 15. Qb3+ Nf7 16. Nc4 Nf8 17. Rfd1 Be6 18. Qb2 Bh6 19. f3 Kg7 20. Bf2 Rxd1+ 21. Rxd1 Rd8 22. Qc2 Rxd1+ 23. Qxd1 Bxc4 24. Bxc4 Qd8 25. Qxd8 Nxd8 26. Nb1 Bc1 27. Kf1 Nfe6 28. Ke2 Bb2 29. Be3 Bd4 30. Kd3 Bxe3 31. Kxe3 Nd4 32. Kd3 N8e6 33. Bxe6 Nxe6 34. Ke3 Nd4 35. Kd3 1/2-1/2

[Event "Sao Bernardo do Campo LXSBC fin-A 2nd"]
[Site "Sao Bernardo do Campo"]
[Date "2011.01.24"]
[Round "3"]
[White "Batista, Renato Luiz"]
[Black "Maia, Luciano Malta"]
[Result "1/2-1/2"]
[WhiteElo "2194"]
[BlackElo "2332"]
[PlyCount "33"]
[EventDate "2011.01.22"]
[EventType "tourn"]
[EventRounds "9"]
[EventCountry "BRA"]
[SourceTitle "EXT 2012"]
[Source "ChessBase"]
[SourceDate "2011.11.24"]
[SourceVersion "1"]
[SourceVersionDate "2011.11.24"]
[SourceQuality "1"]

1. d4 Nf6 2. c4 e6 3. Nf3 b6 4. g3 Ba6 5. b3 Bb4+ 6. Bd2 Be7 7. Bg2 c6 8. Bc3 0-0 9. Nbd2 d5 10. Ne5 Nfd7 11. Nxd7 Nxd7 12. 0-0 Rc8 13. Rc1 Bb7 14. e4 dxe4 15. Nxe4 Nf6 16. Qe2 Qc7 17. Rfd1 1/2-1/2